Statistics for 1980s Catchphrases Quiz

Click here to take the quiz!

General Stats

  • This quiz has been taken 163,926 times
    (45,681 since last reset)
  • The average score is 12 of 16

Answer Stats

Catchphrase% Correct
Don't worry, be {happy}
97%
Girls just want to {have} {fun}
95%
Bad to the {bone}
92%
I've fallen and I can't {get} {up}
91%
{Walk} like an Egyptian
89%
I {pity} the fool
80%
Go ahead - make {my} {day}
77%
Heroes in a half-shell. {Turtle} power!
71%
Now you know. And knowing is half the {battle}
68%
What you talkin' 'bout, {Willis}
68%
Don't hate me because I'm {beautiful}
64%
If you {build} it, he will come
61%
This is your brain {on} {drugs}. Any questions?
59%
Where's the {beef}?
55%
Gag me with a {spoon}
50%
Grody to the {max}
44%

Score Distribution

Percentile by Number Answered

Percent of People with Each Score

Your Score History

You have not taken this quiz since the last reset